| 000 | 00701nam a2200265Ia 4500 | ||
|---|---|---|---|
| 003 | OSt | ||
| 005 | 20221005033245.0 | ||
| 006 | a|||||r|||| 00| 0 | ||
| 007 | ta | ||
| 008 | 221004b |||||||| |||| 00| 0 eng d | ||
| 020 | _a8170188997 | ||
| 024 | _a22230 | ||
| 037 | _cTextual | ||
| 040 |
_aCRL _cCRL _beng |
||
| 041 |
_2eng _aeng |
||
| 082 | _aT4:48.2 ' N9, N6 | ||
| 100 |
_aRajesh _9401683 |
||
| 245 | 0 |
_aNon-formal education _b A comparative study |
|
| 260 |
_aDelhi _bB R Publishing India _c1996 |
||
| 300 |
_a214p. _ccm. |
||
| 650 | _a ADULT EDUCATION | ||
| 650 | _aHIGHER EDUCATION | ||
| 942 |
_hT4:48.2 ' N9, N6 _cTEXL _2cc |
||
| 999 |
_c941266 _d941266 |
||